the bride of trouve le réalisateur ou la réalisatrice - Statistiques

Statistiques générales
  • Ce quiz a été pris 7 fois
  • Le résultat moyen est 21 sur 38
Statistiques - réponses
Par images Réponse % Correct
Andrei Tarkovski
100%
Bong Joon Ho
100%
Clint Eastwood
100%
Gaspard Noé
100%
Guillermo Del Toro
100%
Lana Wachowski
100%
Michel Hazanavicius
100%
M. Night Shyamalan
100%
Nicolas Winding Refn
100%
Tarek Boudali
100%
Terry Gilliam
100%
Wong Kar Wai
100%
Jean Pierre Melville
80%
Michel Gondry
80%
Alejandro Gonzalez Inarritu
60%
Edgar Wright
60%
Gus Van Sant
60%
Jim Jarmush
60%
Joel Cohen
60%
Michael Haneke
60%
Sam Mendes
60%
Costa Gavras
40%
Ingmar Bergman
40%
Ken Loach
40%
Louis Feuillade
40%
Serguei Paradjanov
40%
Chris Columbus
20%
Lola Quivoron
20%
Masaki Kobayashi
20%
Noah Baumbach
20%
S.S. Rajamouli
20%
Brandon Cronenberg
0%
Goro Miyazaki
0%
Hideo Nakata
0%
James Gray
0%
Kiro Russo
0%
Richard Fleischer
0%
Robert Wise
0%
Aucun quiz correspondant
Distribution des résultats
% des personnes avec chaque résultat
Percentile par nombre de réponses
Votre historique - résultats
Vous n’avez pas pris ce quiz